000 00726nam a2200217Ia 4500
003 GCL
008 140319s9999 xx 000 0 ara d
040 _aGCL /
_cGCL
082 0 4 _a822.008
_bش م
100 1 _aعلى ادهم
245 1 0 _aمختارات من مسرحيات شو القصيرة /
_cعلى ادهم
700 1 _aشو، ج . ب
700 1 _aميشيل عبدالاحد
260 _aالقاهرة :
_bمؤسسة روزاليوسف ،
_c1961
300 _a254 ص ؛
_c19سم
490 _aالالف كتاب
_v339
650 0 4 _aالمسرحيات الامريكية
650 0 4 _aالادب الامريكى المترجم
650 0 4 _aالادب العالمى المترجم
942 _2ddc
_cBK
999 _c43480
_d43480